00539nam a22001577b 450000500170000000800410001702000350005804000140009308200240010710000210013124500840015226000530023630000440028965000200033365000280035320250807144213.0230829b sa ||||| |||| 00| 0 eng d a9781868425594qPaperback (pbk) aRDAc3228 a320.968 SPAb065984 aSparks, Allister aThe sword and the pen: six decades on the political frontier/cAllister Sparks. aJeppestown, South Africa:bJonathan Ball,c2016. axv, 608 pages ;bIllustrations,c24 cm. aRace relations. aPolitics and government